01218nam a22003498i 450000100060000000300080000600500170001400800410003102000300007202000270010203500360012904000370016504100080020204200080021006000090021808200240022724501590025124600670041024600420047725000240051926300090054326400430055230000430059550400510063865000300068965000320071965000210075165000170077270000260078970000270081570000260084271884BD-RjUL20211209082156.0181030s2018 nyu b 001 0 eng  a9781259584732 (hardcover) a1259584739 (hardcover) a(DNLM)101708739a(BD-RjUL)72100 aDNLM/DLCcDLCerdaeBD-RjULbeng aeng apcc10aQV 400223a615.7bGOO 201800aGoodman & Gilman's the pharmacological basis of therapeutics /ceditor, Laurence L. Brunton ; associate editors, Björn C. Knollmann, Randa Hilal-Dandan.1 aGoodman and Gilman's the pharmacological basis of therapeutics1 aPharmacological basis of therapeutics aThirteenth edition. a1710 1aNew York :bMcGraw Hill Medical,c2018 axiii, 1419 p. :bIllustrationen ;ccm. aIncludes bibliographical references and index.12aPharmacological Phenomena22aPharmaceutical Preparations22aPharmacokinetics22aDrug Therapy1 aBrunton, Laurence L.,1 aKnollmann, Björn C.,1 aHilal-Dandan, Randa.,